Things That Start With 'F' - Statistics

General Stats
  • This quiz has been taken 60 times
  • The average score is 13 of 16
Answer Stats
Picture Answer % Correct
Feet
100%
Fox
100%
Feather
98%
Fire
98%
Fork
98%
Fever
95%
Fishing
93%
Fig
90%
Fax
86%
Falcon
85%
Frank
76%
Fiji
71%
Fetch
68%
Fireflies
61%
Fortnite
39%
Fuchsia
17%
No matching quizzes found
Score Distribution
Percent of People with Each Score
Percentile by Number Answered
Your Score History
You have not taken this quiz